Data Communications and Distributed Networks (Record no. 1251)

MARC details
000 -LEADER
Fixed length control field 00455nam a2200169 4500
003 - CONTROL NUMBER IDENTIFIER
Control field SEACOMEC
005 - DATE AND TIME OF LATEST TRANSACTION
Control field 20240529150939.0
008 - FIXED-LENGTH DATA ELEMENTS--GENERAL INFORMATION
Fixed length control field 240529b |||||||| |||| 00| 0 eng d
020 ## - INTERNATIONAL STANDARD BOOK NUMBER / ISBN
International Standard Book Number 8120309251
Price 225.00
040 ## - CATALOGING SOURCE
Original cataloging agency SEACOMEC
082 ## - DEWEY DECIMAL CLASSIFICATION NUMBER
Classification number 004.6
Book Number B627
100 ## - MAIN ENTRY--PERSONAL NAME
Personal name Black,, Uyless D
245 ## - TITLE STATEMENT
Title Data Communications and Distributed Networks
Statement of responsibility / Uyless D Black
250 ## - EDITION STATEMENT
Edition statement 3rd ed
260 ## - IMPRINT
Place of publication New Delhi
Name of publisher Prentice-Hall, Inc
Date of publication 2004
942 ## - ADDED ENTRY ELEMENTS (KOHA)
Koha item type Books
Holdings
Withdrawn status Lost status Source of classification Damaged status Not for loan Home library Current library Date acquired Total Checkouts Call number Accession number Date last seen Price effective from Koha item type Copy number
    Dewey Decimal Classification     SEACOM ENGINEERING COLLEGE SEACOM ENGINEERING COLLEGE 29/05/2024   004.6 B627 5527 29/05/2024 29/05/2024 Books  
    Dewey Decimal Classification     SEACOM ENGINEERING COLLEGE SEACOM ENGINEERING COLLEGE 29/05/2024   004.6 B627 5528 29/05/2024 29/05/2024 Books 1
    Dewey Decimal Classification     SEACOM ENGINEERING COLLEGE SEACOM ENGINEERING COLLEGE 15/06/2007   004.6 B627 7138 13/08/2024 13/08/2024 Books 2
    Dewey Decimal Classification     SEACOM ENGINEERING COLLEGE SEACOM ENGINEERING COLLEGE 15/06/2007   004.6 B627 7139 13/08/2024 13/08/2024 Books 3
    Dewey Decimal Classification     SEACOM ENGINEERING COLLEGE SEACOM ENGINEERING COLLEGE 15/06/2007   004.6 B627 7140 13/08/2024 13/08/2024 Books 4
© Seacom Engineering College, All rights reserved.      Powered by Koha